1240 1656 1794 1428 1691 1552 1978 1965 1987 1167 1796 1824 1485 1340 1115 1756 1378 1403 1481 1235 1154 1242 1062 1854 1809 1535 1617 1773 1551 1247 1802 1021 1415 1351 1256 1068 1373 1542 1517 1484 1416 1931 1377 1134 1817 1594 1386 1799 1040 1697 1737 1708 1076 1546 1645 1919 1048 1093 1552 1354 1610 1987 1564 1797 1935 1902 1258 1782 1859 1928 1357 1564 1694 1832 1885 1613 1134 1491 1384 1303 1781 1991 1815 1374 1098 1176 1146 1862 1397 1085 1880 1777 1298 1712 1555 1001 1219 1375 1764 BCNSPRNW ULIB Ver.6.0+V

เปลี่ยนเป็นภาษาไทย

Change to English
 แสดงรายละเอียดบรรณานุกรม
  กลับหน้าหลัก

Brief Record : Get Marc (ISO 2709) : E-mail record : QR code < ปิดหน้าต่าง
LEADER : 00000nam 2200000uu 4500
001    13399125193
003     ULIB
008    161108s2559||||th 000 0 tha d
020    ^a9786164070172
050  0 ^aHV5600^bศ831ก 2559
100 0  ^aไพบูลย์ เฮงสุวรรณ,พูนสุข ขันธาโรจน์,วิสุทธิ์ เหล็กสมบูรณ์,เยาวลักษณ์ ยานุช,วิเศษ สุจินพรัหมและ สหัสยา วิเศษ
245 00 ^aกำกึ๊ดแม่ญิง ^bชุมชนล้านนากับการจัดการสุรา^cไพบูลย์ เฮงสุวรรณ,พูนสุข ขันธาโรจน์,วิสุทธิ์ เหล็กสมบูรณ์,เยาวลักษณ์ ยานุช,วิเศษ สุจินพรัหมและ สหัสยา วิเศษ
260    ^aกรุงเทพฯ^bศูนย์สตรีศึกษา ภาควิชาสตรีศึกษา คณะสังคมศาสตร์ มหาวิทยาลัยเชียงใหม่
300    ^a273หน้า
700 0  ^aไพบูลย์ เฮงสุวรรณ,พูนสุข ขันธาโรจน์
700 0  ^aพูนสุข ขันธาโรจน์
700 0  ^aวิสุทธิ์ เหล็กสมบูรณ์
700 0  ^aเยาวลักษณ์ ยานุช
700 0  ^aวิเศษ สุจินพรัหม
700 0  ^a สหัสยา วิเศษ
710 1  ^aศูนย์สตรีศึกษา ภาควิชาสตรีศึกษา คณะสังคมศาสตร์ มหาวิทยาลัยเชียงใหม่
945    ^p0^l0^i001468
945    ^p0^l0^i001469
999    ^aวรรณษา ชูชัยมงคล
รายการนี้ยังไม่มีแท็ก
คุณยังไม่ได้ล็อกอิน คุณสามารถมีกิจกรรมร่วมกับเว็บไซต์ได้ แต่ต้องล็อกอินก่อน ::
  ล็อกอิน

รายการสื่อสารสนเทศ

ลำดับที่ ประเภท เลขเรียก/บาร์โค้ด สถานที่ สถานะ
1. การศึกษาทั่วไป
การศึกษาทั่วไป
HV5600 ศ831ก 2559 ฉ.1 
  Barcode: 001468
ห้องสมุดวิทยาเขตสวรรค์ประชารักษ์
►หนังสือทั่วไป
บนชั้น
2. การศึกษาทั่วไป
การศึกษาทั่วไป
HV5600 ศ831ก 2559 ฉ.2 
  Barcode: 001469
ห้องสมุดวิทยาเขตสวรรค์ประชารักษ์
►หนังสือทั่วไป
บนชั้น

BibComment


ยังไม่เคยถูกคอมเมนท์

คอมเมนท์ทรัพยากรรายการนี้
  คอมเมนท์: กำกึ๊ดแม่ญิง ชุ..


 Copyright 2026. Bcnsprnw @Library